Can you name the capital city of all these countries? Quiz Stats

 Plays Quiz not verified by Sporcle

Score 0/20 Timer 04:00
0 Plays Today
Country Capital % Correct
GermanyBerlin
89.1%
RussiaMoscow
83.5%
USAWashington DC
83%
GreeceAthens
82.5%
JapanTokyo
79.1%
PolandWarsaw
78%
EgyptCairo
76.4%
DenmarkCopenhagen
75.9%
AustraliaCanberra
73.2%
MexicoMexico City
72.8%
Country Capital % Correct
New ZealandWellington
63.2%
UkraineKiev
60.7%
BulgariaSofia
59.3%
ArgentinaBuenos Aires
54.4%
CroatiaZagreb
53.1%
LatviaRiga
52.5%
ChileSantiago
47.9%
CanadaOttawa
47.3%
IranTehran
46.5%
EstoniaTallinn
39.7%

You're not logged in!

Compare scores with friends on all Sporcle quizzes.
OR
Log In

You Might Also Like...

Show Comments

Extras

Top Quizzes Today


Score Distribution

Your Account Isn't Verified!

In order to create a playlist on Sporcle, you need to verify the email address you used during registration. Go to your Sporcle Settings to finish the process.

Report this User

Report this user for behavior that violates our Community Guidelines.

Details: